01372nam a22002537a 45000010005000000030006000050050017000110080041000280200019000690400033000880500013001210820013001341000029001472450040001762600042002163000043002585050007003015200727003085210018010355210018010537000017010719420015010889990015011034093FISKH20240606140914.0240606b cb ||||| |||| 00| 0 eng d a9781405272193  aFISKH beng cFISKH dFISKH  aPZ8.B57  a823.912  aBlyton Enid d1897-1968  aThe enchanted wood / cEnid Blyton  aLondon : bEgmont UK Limited, c2014  a209 pages : billustrations ; c21 cm  aM  aWhen Jo, Bessie and Fanny leap over a ditch near their new house in the country, they find themselves in an Enchanted Wood where trees whisper their secrets and magic is everywhere. In the middle of the wood grows the most wonderful tree in the world - The Faraway Tree, with its top-most branches touching the clouds, magical fruit, the exciting Slippery-Slip, and cosy houses set in its vast trunk. The children soon explore the tree, meeting the strange people who live there, including Moon-Face, Silky the pixie and Dame Washalot, and have amazing adventures in the lands that come and go at the top - the Land of Ice and Snow, the Land of the Three Bears, and everyone's favourite - the Land of Take-What-You-Want!. 8 a640 bLexile 8 aM bRaz-Plus  aEnid Blyton  2ddccBKn0 c4093d4093